01718 2200541 4500001002100000005001500021035002000036245007200056100002400128250002000152300003200172260004900204082000800253084001400261020002200275650002800297008004100325990002700366990002700393990002700420990002700447990002700474990002700501990002700528990002700555990002700582990002700609990002700636990002700663990002700690990002700717990002700744990002700771990002700798990002700825990002700852990002700879990002700906990002700933990002700960990002700987990002701014990002701041990002701068990002701095990002701122990002701149INLIS00000000000033720210831095233 a0010-08210000131 adetik-detik asesmen nasional :bakm literasi /cantonius suparyanta0 aantonius suparyanta acetakan pertama aiv,140 halaman :bilustrasi ayogyakarta :bpenerbit intan pariwara,c2020 a370 a370 ANT d a978-979-28-3926-5 4apendidikan dan literasi210831 0 a001-2021-01222-001-CL1 a001-2021-01247-001-CL1 a001-2021-01248-001-CL1 a001-2021-01249-001-CL1 a001-2021-01250-001-CL1 a001-2021-01251-001-CL1 a001-2021-01252-001-CL1 a001-2021-01253-001-CL1 a001-2021-01254-001-CL1 a001-2021-01255-001-CL1 a001-2021-01256-001-CL1 a001-2021-01257-001-CL1 a001-2021-01258-001-CL1 a001-2021-01259-001-CL1 a001-2021-01260-001-CL1 a001-2021-01261-001-CL1 a001-2021-01262-001-CL1 a001-2021-01263-001-CL1 a001-2021-01264-001-CL1 a001-2021-01265-001-CL1 a001-2021-01266-001-CL1 a001-2021-01267-001-CL1 a001-2021-01268-001-CL1 a001-2021-01269-001-CL1 a001-2021-01297-001-CL1 a001-2021-01305-001-CL1 a001-2021-01306-001-CL1 a001-2021-01307-001-CL1 a001-2021-01308-001-CL1 a001-2021-01309-001-CL1